Prinjatije rešenij pri mnogich kriterijach predpočtenija i zameščenija

Guardado en:
Detalles Bibliográficos
Autor principal: Keeney, Ralph L.
Otros Autores: Raiffa, Howard
Formato: Libro
Lenguaje:ruso
Publicado: Moskva Radio i svjaz' 1981
Etiquetas: Agregar Etiqueta
Sin Etiquetas, Sea el primero en etiquetar este registro!

MARC

LEADER 00000nam a2200000 4500
001 c131005
005 20240911105655.6
041 0 |a rus 
044 |a RU 
245 1 0 |a Prinjatije rešenij pri mnogich kriterijach  |b predpočtenija i zameščenija  |c Ralph L. Keeney, Howard Raiffa ; [Perevod s anglijskogo V.V. Podinovskogo] 
264 1 |a Moskva  |b Radio i svjaz'  |c 1981 
300 |a 559 s. 
100 1 |a Keeney, Ralph L. 
700 1 |a Raiffa, Howard